000 01172nam a22003017a 4500
005 20240530110619.0
008 161204s2006 ua f b 000 0 ara d
017 _a2005/1672
_bمصر . دار الكتب المصرية
020 _a9771803573
040 _aEG-CaGPL
082 0 4 _221
_a310.9
_bق/خ ج
100 0 _aخالد فهمي
245 1 2 _aالجسد والحداثة :
_bالطب والقانون في مصر الحديثة /
_cخالد فهمي ؛ ترجمة شريف يونس
250 _aط. 2
260 _aالقاهرة :
_bدار الكتب والوثاق القومية ،
_c2006.
300 _a258 ص. ؛
_c24 سم.
490 0 _aمصر النهضة ؛
_v58
504 _aببليوجرافية : ص 242 - 251
650 0 7 _2qrmak
_aالقانون الجنائي
650 0 7 _2qrmak
_aالطب الشرعي
650 0 7 _2qrmak
_aالقانون
650 0 7 _2qrmak
_aالعدالة
650 0 7 _2qrmak
_aالطب
_xتاريخ
651 0 7 _2qrmak
_aمصر
_xتاريخ
_yالعصر الحديث
700 0 _aشريف يونس
_eمترجم
942 _2ddc
_cBK
999 _c63018
_d63018